Lease Code III (Record no. 78677)

MARC details
000 -LEADER
fixed length control field 01151cad a22002175a 4500
001 - CONTROL NUMBER
control field L137628
008 - FIXED-LENGTH DATA ELEMENTS--GENERAL INFORMATION
fixed length control field 070420s2007 xxk f 000 0 eng d
035 ## - SYSTEM CONTROL NUMBER
System control number (Sirsi) u137628
041 0# - LANGUAGE CODE
Language code of text/sound track or separate title eng
110 2# - MAIN ENTRY--CORPORATE NAME
Corporate name or jurisdiction name as entry element Donaldsons
9 (RLIN) 3333
245 00 - TITLE STATEMENT
Title Lease Code III
Remainder of title is legislation inevitable?
Medium [electronic resource]
260 ## - PUBLICATION, DISTRIBUTION, ETC.
Place of publication, distribution, etc. London
-- onaldsons
Date of publication, distribution, etc. 2007
520 ## - SUMMARY, ETC.
Summary, etc. Suggests that the third edition of the Code of Practice forCommercial Leases (launched on 27 March) is set to fail without a major shift in attitudes and practices from the commercial property industry. Supports the Code but cites three main reasons for likely failure: inflexible attitudes to flexible leases: rent comes first in lease negotiations; and small businesses remain exposed to sharp practices.
590 ## - LOCAL NOTE (RLIN)
Local note KA
650 24 - SUBJECT ADDED ENTRY--TOPICAL TERM
Topical term or geographic name entry element CODE OF PRACTICE FOR COMMERCIAL LEASES
650 24 - SUBJECT ADDED ENTRY--TOPICAL TERM
Topical term or geographic name entry element CODE FOR LEASING BUSINESS PREMISES IN ENGLAND AND WALES
651 #4 - SUBJECT ADDED ENTRY--GEOGRAPHIC NAME
Geographic name United Kingdom
Chronological subdivision
690 ## - LOCAL SUBJECT ADDED ENTRY--TOPICAL TERM (OCLC, RLIN)
Topical term or geographic name as entry element PROPERTY-COMMERCIAL PROPERTY-COMMERCIAL LANDLORD AND TENANT-COMMERCIAL LEASES
856 40 - ELECTRONIC LOCATION AND ACCESS
Uniform Resource Identifier <a href="https://www.donaldsons.co.uk">https://www.donaldsons.co.uk</a>
Public note View the item free of charge at www.donaldsons.co.uk...
942 ## - ADDED ENTRY ELEMENTS (KOHA)
Suppress in OPAC 0
Holdings
Withdrawn status Lost status Source of classification or shelving scheme Damaged status Not for loan Home library Current library Shelving location Date acquired Total Checkouts Full call number Barcode Date last seen Copy number Price effective from Koha item type
    Dewey Decimal Classification     Virtual Virtual Online 20/04/2007   L137628 137628-1001 06/08/2019 1 06/08/2019 Journal article